000 01257cam a2200337 a 4500
001 44900
003 BD-RjUL
005 20211209053932.0
008 160721s2006 dcua sb i001 0 eng d
020 _a0821367315
020 _a0821367323 (eISBN)
020 _a9780821367315
035 _aBD-RjUL45018
040 _aDLC
_cDLC
_dBAKER
_dC#P
_dYDXCP
_dDLC
_dWaSeSS
_dBD-RjUL
_beng
041 _aeng
082 0 0 _a337
_222
_bGLO 2006
245 0 0 _aGlobal issues for global citizens :
_ban introduction to key development challenges /
_cVinay Bhargava, editor.
260 _aWashington, D.C. :
_bWorld Bank,
_cc2006.
300 _axxix, 456 p. :
_bill. ;
_c22 cm.
504 _aIncludes bibliographical references and index.
506 _aLicense restrictions may limit access.
650 0 _aInternational economic relations.
_9137579
650 0 _aWorld health.
_9137580
650 0 _aSustainable development.
_9137581
650 0 _aInternational organization.
_9137582
700 1 _aBhargava, Vinay Kumar, editor
_d1945-
_9137583
773 0 _tOpen Knowledge Repository
856 4 0 _uhttp://www.columbia.edu/cgi-bin/cul/resolve?clio7691967
_zFull text available from Open Knowledge Repository
942 _2ddc
_cBK
999 _c44900
_d44900